[Event "Kronborg Chess Open 2023"]
[Site "Helsingor"]
[Date "2023.05.17"]
[Round "1"]
[White "Hagen, Andreas Skytte"]
[Black "Blomqvist, Erik"]
[Result "1/2-1/2"]
[WhiteElo "2363"]
[BlackElo "2521"]
[PlyCount "100"]
[EventDate "2023.05.17"]
[EventType "tourn"]
[EventRounds "9"]
[EventCountry "DEN"]
[SourceTitle "Live"]

1. e4 c5 2. Nf3 e6 3. d4 cxd4 4. Nxd4 Nc6 5. Nc3 Qc7 6. Be3 a6 7. Qd2 Nf6 8.
O-O-O Be7 9. f3 b5 10. g4 Nxd4 11. Bxd4 Bb7 12. g5 Nh5 13. Be5 Qxe5 14. Qxd7+
Kf8 15. Qxb7 Bxg5+ 16. Kb1 Qb8 17. Rd7 Qxb7 18. Rxb7 g6 19. a4 Bf6 20. axb5
Bxc3 21. bxc3 axb5 22. Bxb5 Kg7 23. Rd1 Rhb8 24. Rdd7 Rxb7 25. Rxb7 Nf4 26. c4
Rc8 27. Kb2 Kf8 28. Kb3 Ne2 29. c3 g5 30. Rd7 Ng1 31. Rd3 h5 32. e5 g4 33. fxg4
hxg4 34. Rg3 Nf3 35. Rxg4 Nxe5 36. Rg1 Ke7 37. Kb4 Rh8 38. Rg2 Rh4 39. Kc5 f5
40. Re2 Nd3+ 41. Kb6 Nf4 42. Rc2 e5 43. c5 Nd5+ 44. Kb7 e4 45. c6 Kd6 46. c4
Rh7+ 47. Kb8 Rh8+ 48. Kb7 Rh7+ 49. Kb8 Rh8+ 50. Kb7 Rh7+ 1/2-1/2

[Event "Kronborg Chess Open 2023"]
[Site "Helsingor"]
[Date "2023.05.17"]
[Round "1"]
[White "Thorfinnsson, Bjorn"]
[Black "Chen, Peng"]
[Result "0-1"]
[WhiteElo "2364"]
[BlackElo "2423"]
[PlyCount "94"]
[EventDate "2023.05.17"]
[EventType "tourn"]
[EventRounds "9"]
[EventCountry "DEN"]
[SourceTitle "Live"]

1. d4 c5 2. c3 Nf6 3. Nf3 d5 4. dxc5 e6 5. b4 a5 6. e3 axb4 7. cxb4 b6 8. Bb5+
Bd7 9. Bxd7+ Nbxd7 10. O-O bxc5 11. bxc5 Nxc5 12. Bb2 Bd6 13. Nbd2 O-O 14. Qc2
Na4 15. Bd4 Qe7 16. Rac1 Ba3 17. Rb1 Rfc8 18. Qd3 Bd6 19. Rfc1 Rxc1+ 20. Rxc1
e5 21. Ba1 Ba3 22. Rc6 e4 23. Qc2 exf3 24. Bxf6 gxf6 25. Rc8+ Rxc8 26. Qxc8+
Qf8 27. Qg4+ Qg7 28. Qc8+ Bf8 29. Nxf3 Qg6 30. g3 Qb1+ 31. Kg2 Qe4 32. Qa6 Kg7
33. Kg1 Nc5 34. Qe2 Qc4 35. Qd1 Qd3 36. Qc1 Ne6 37. a4 Bb4 38. Qc6 Qb1+ 39. Kg2
Qe4 40. h4 Nc5 41. Qb5 Nd3 42. Kg1 Qc4 43. Nd4 Qxb5 44. axb5 Bc5 45. Nf5+ Kf8
46. Kf1 Ne5 47. Ke2 Nc4 0-1

[Event "Kronborg Chess Open 2023"]
[Site "Helsingor"]
[Date "2023.05.17"]
[Round "1"]
[White "Rostgaard, Tobias Valentin"]
[Black "Hacker, Jonas"]
[Result "0-1"]
[WhiteElo "2322"]
[BlackElo "2435"]
[PlyCount "107"]
[EventDate "2023.05.17"]
[EventType "tourn"]
[EventRounds "9"]
[EventCountry "DEN"]
[SourceTitle "Live"]

1. d4 Nf6 2. Nf3 d5 3. e3 c5 4. c4 cxd4 5. exd4 g6 6. Nc3 Bg7 7. h3 O-O 8. Be3
b6 9. Ne5 Bb7 10. Be2 dxc4 11. O-O Nc6 12. Bxc4 Rc8 13. Nxc6 Rxc6 14. Qb3 Qa8
15. f3 Rcc8 16. a4 Nh5 17. a5 Qb8 18. axb6 axb6 19. Ne2 e6 20. Rfd1 Qc7 21.
Rac1 Qd6 22. Bf2 Rfd8 23. Qe3 Qb4 24. b3 b5 25. Be1 Qf8 26. Bxb5 Bh6 27. f4
Rxc1 28. Rxc1 Qd6 29. Qe5 Qxe5 30. dxe5 Nxf4 31. Nxf4 Bxf4 32. Rc7 Bd5 33. Bc3
Bxb3 34. Kf2 Bd5 35. g3 Bh6 36. Bc6 Bf8 37. Bxd5 Rxd5 38. Rc8 Kg7 39. Ke3 Rd1
40. Bd4 g5 41. Bb6 Be7 42. Re8 Rd7 43. Ke4 Rb7 44. Ba5 Ra7 45. Bb6 Rb7 46. Ba5
h5 47. g4 h4 48. Kd4 Ra7 49. Bb6 Rb7 50. Ba5 Kh7 51. Ke4 Bb4 52. Ra8 Bxa5 53.
Rxa5 Rb3 54. Kd4 0-1

[Event "Kronborg Chess Open 2023"]
[Site "Helsingor"]
[Date "2023.05.17"]
[Round "1"]
[White "Pajeken, Jakob Leon"]
[Black "Suthandram R, Manu David"]
[Result "1/2-1/2"]
[WhiteElo "2417"]
[BlackElo "2332"]
[PlyCount "67"]
[EventDate "2023.05.17"]
[EventType "tourn"]
[EventRounds "9"]
[EventCountry "DEN"]
[SourceTitle "Live"]

1. d4 Nf6 2. c4 e6 3. Nc3 d5 4. cxd5 exd5 5. Bg5 c6 6. e3 Be7 7. Bd3 h6 8. Bf4
Bd6 9. Nge2 O-O 10. O-O b6 11. f3 c5 12. Bxd6 Qxd6 13. dxc5 bxc5 14. e4 d4 15.
Nb5 Qb6 16. b3 Nc6 17. Na3 Ne5 18. Nc4 Nxc4 19. Bxc4 Re8 20. Rc1 a5 21. Nf4 Bb7
22. Rf2 Rac8 23. Qe2 Nd7 24. Bb5 Re7 25. Bc4 Ree8 26. Bd5 Ba6 27. Qd2 Ne5 28.
Bc4 Bxc4 29. bxc4 Qb4 30. Qc2 Qa3 31. Rd1 Qb4 32. Rc1 Qa3 33. Rd1 Qb4 34. Rc1
1/2-1/2

[Event "Kronborg Chess Open 2023"]
[Site "Helsingor"]
[Date "2023.05.17"]
[Round "1"]
[White "Jacobsen, Mikkel Manosri"]
[Black "Kazakouski, Valery"]
[Result "0-1"]
[WhiteElo "2341"]
[BlackElo "2524"]
[PlyCount "106"]
[EventDate "2023.05.17"]
[EventType "tourn"]
[EventRounds "9"]
[EventCountry "DEN"]
[SourceTitle "Live"]

1. c4 e5 2. g3 Nf6 3. Bg2 d5 4. cxd5 Nxd5 5. Nf3 Nc6 6. O-O Nb6 7. b3 Be7 8.
Bb2 f6 9. Na3 Be6 10. Nc2 O-O 11. e4 Qd3 12. Re1 Bg4 13. Ne3 Be6 14. Nc2 Bc5
15. Bf1 Qd7 16. d4 exd4 17. Nfxd4 Nxd4 18. Bxd4 Bg4 19. Be2 Bxe2 20. Rxe2 Bxd4
21. Qxd4 Rad8 22. Rd1 Qc8 23. Qa1 Qg4 24. Rde1 Nd7 25. f4 Nc5 26. Re3 Ne6 27.
f5 Ng5 28. Qc3 Rfe8 29. Qc4+ Kh8 30. Qe2 Qxe2 31. R1xe2 c5 32. Kg2 Kg8 33. g4
Kf8 34. Kg3 Nf7 35. h4 b5 36. Rc3 Rc8 37. Kf4 Ne5 38. g5 Red8 39. Ne1 Rd1 40.
gxf6 gxf6 41. Rg3 Re8 42. h5 c4 43. bxc4 bxc4 44. Nf3 Nd3+ 45. Ke3 c3 46. Rg1
Rxg1 47. Nxg1 Nb4 48. a3 c2 49. Re1 Rd8 50. Rc1 Rd3+ 51. Ke2 Rxa3 52. Nf3 Rxf3
53. Kxf3 Nd3 0-1

[Event "Kronborg Chess Open 2023"]
[Site "Helsingor"]
[Date "2023.05.17"]
[Round "2"]
[White "Hagen, Andreas Skytte"]
[Black "Thorfinnsson, Bjorn"]
[Result "1/2-1/2"]
[WhiteElo "2363"]
[BlackElo "2364"]
[PlyCount "56"]
[EventDate "2023.05.17"]
[EventType "tourn"]
[EventRounds "9"]
[EventCountry "DEN"]
[SourceTitle "Live"]

1. e4 e5 2. Nf3 Nc6 3. Bb5 a6 4. Ba4 Nf6 5. O-O b5 6. Bb3 Bc5 7. c3 d6 8. a4
Rb8 9. d4 Bb6 10. Na3 Bg4 11. axb5 axb5 12. Nxb5 O-O 13. Bc2 d5 14. Bg5 exd4
15. h3 dxe4 16. Bxe4 Bxf3 17. Qxf3 Ne5 18. Qf5 Ng6 19. Bxf6 Qxf6 20. Qxf6 gxf6
21. Bxg6 hxg6 22. Nxd4 Bxd4 23. cxd4 Rxb2 24. Rfb1 Rfb8 25. Rxb2 Rxb2 26. Rc1
Rb4 27. d5 Rb5 28. Rxc7 Rxd5 1/2-1/2

[Event "Kronborg Chess Open 2023"]
[Site "Helsingor"]
[Date "2023.05.17"]
[Round "2"]
[White "Chen, Peng"]
[Black "Rostgaard, Tobias Valentin"]
[Result "1-0"]
[WhiteElo "2423"]
[BlackElo "2322"]
[PlyCount "163"]
[EventDate "2023.05.17"]
[EventType "tourn"]
[EventRounds "9"]
[EventCountry "DEN"]
[SourceTitle "Live"]

1. e4 g6 2. d4 Bg7 3. Nc3 d6 4. h4 h6 5. h5 g5 6. Be3 a6 7. Nge2 b5 8. a3 Nd7
9. Ng3 e6 10. Qd2 Ne7 11. Be2 Bb7 12. O-O e5 13. d5 O-O 14. Rfd1 f5 15. Nxf5
Rxf5 16. exf5 Nf6 17. Bf3 g4 18. Be4 Qe8 19. Bxh6 Qxh5 20. Bg5 Kf7 21. Bxf6
Bxf6 22. Ne2 Nxf5 23. Qc3 Rh8 24. Ng3 Qh2+ 25. Kf1 Nxg3+ 26. Qxg3 Qh5 27. Ke2
Bh4 28. Qc3 g3+ 29. Bf3 Qf5 30. fxg3 Bf6 31. Qxc7+ Kg6 32. Rh1 e4 33. Rxh8
exf3+ 34. gxf3 Bxh8 35. Rh1 Bg7 36. Rh4 Bxd5 37. Rg4+ Kh5 38. Rh4+ Kg6 39.
Qxd6+ Bf6 40. Rg4+ Kh5 41. Re4 Kg6 42. g4 Qg5 43. Rf4 Qe5+ 44. Qxe5 Bxe5 45.
Rf5 Bc4+ 46. Kd2 Bxb2 47. Rc5 Bxa3 48. Rc6+ Kg5 49. Rxa6 Bc5 50. Rc6 Bd4 51.
Rc8 Be6 52. Rb8 Bc4 53. Rf8 b4 54. Rb8 Bc3+ 55. Ke3 Be6 56. Ke4 Kf6 57. Rb6 Kf7
58. g5 Bh3 59. f4 Bg2+ 60. Ke3 Bh3 61. Rb5 Kg6 62. Rb6+ Kf7 63. g6+ Kg7 64. Ke4
Bg2+ 65. Kf5 Bf3 66. Rd6 Kg8 67. Rd8+ Kg7 68. Rd7+ Kf8 69. Kg5 Bc6 70. Rc7 Be4
71. Kh6 Bxc2 72. g7+ Bxg7+ 73. Rxg7 Be4 74. Rg5 Bd3 75. Rd5 Bc2 76. Rb5 b3 77.
Rb7 Kg8 78. Kg5 Kf8 79. Kf6 Ke8 80. f5 Kd8 81. Ke6 Kc8 82. Rb4 1-0

[Event "Kronborg Chess Open 2023"]
[Site "Helsingor"]
[Date "2023.05.17"]
[Round "2"]
[White "Hacker, Jonas"]
[Black "Pajeken, Jakob Leon"]
[Result "1/2-1/2"]
[WhiteElo "2435"]
[BlackElo "2417"]
[PlyCount "47"]
[EventDate "2023.05.17"]
[EventType "tourn"]
[EventRounds "9"]
[EventCountry "DEN"]
[SourceTitle "Live"]

1. c4 Nf6 2. Nc3 e5 3. Nf3 Nc6 4. e3 Bb4 5. Nd5 Bd6 6. Nc3 Bb4 7. Qc2 Bxc3 8.
bxc3 d6 9. e4 O-O 10. g3 Nh5 11. Nh4 g6 12. d3 Ng7 13. Bg2 Be6 14. O-O Qd7 15.
Rb1 Rab8 16. Bh6 Bh3 17. Qe2 Bxg2 18. Kxg2 Ne7 19. f4 exf4 20. Rxf4 f5 21. Bxg7
Kxg7 22. exf5 Nxf5 23. Nxf5+ Rxf5 24. Rxf5 1/2-1/2

[Event "Kronborg Chess Open 2023"]
[Site "Helsingor"]
[Date "2023.05.17"]
[Round "2"]
[White "Suthandram R, Manu David"]
[Black "Jacobsen, Mikkel Manosri"]
[Result "0-1"]
[WhiteElo "2332"]
[BlackElo "2341"]
[PlyCount "104"]
[EventDate "2023.05.17"]
[EventType "tourn"]
[EventRounds "9"]
[EventCountry "DEN"]
[SourceTitle "Live"]

1. c4 c6 2. Nf3 d5 3. e3 Nf6 4. Nc3 a6 5. cxd5 cxd5 6. d4 Bf5 7. Ne5 h6 8. Qb3
Ra7 9. Be2 e6 10. g4 Bh7 11. Bd2 Nfd7 12. Qa4 Be7 13. Bb5 Bd6 14. Nxd7 Nxd7 15.
Ke2 h5 16. h3 Ra8 17. Bxd7+ Qxd7 18. Qxd7+ Kxd7 19. Na4 Rab8 20. Nb6+ Kc6 21.
Na4 b6 22. f3 g5 23. Rag1 Bg6 24. Nc3 b5 25. Rc1 Kd7 26. Rcg1 Rh7 27. a3 Rbh8
28. gxh5 Rxh5 29. e4 dxe4 30. Nxe4 Bxe4 31. fxe4 Rxh3 32. Rxh3 Rxh3 33. Rf1
Rh2+ 34. Kd3 Bf4 35. Bxf4 gxf4 36. Rxf4 Rxb2 37. Kc3 Ra2 38. Kb3 Re2 39. Rxf7+
Kc6 40. d5+ exd5 41. exd5+ Kc5 42. Rc7+ Kxd5 43. Ra7 Re3+ 44. Kb2 Re6 45. a4 b4
46. Rb7 Kc5 47. a5 Re2+ 48. Kb1 Kc4 49. Rb6 Kc3 50. Rc6+ Kb3 51. Kc1 Ka2 52.
Kd1 Re5 0-1

[Event "Kronborg Chess Open 2023"]
[Site "Helsingor"]
[Date "2023.05.17"]
[Round "2"]
[White "Blomqvist, Erik"]
[Black "Kazakouski, Valery"]
[Result "1/2-1/2"]
[WhiteElo "2521"]
[BlackElo "2524"]
[PlyCount "66"]
[EventDate "2023.05.17"]
[EventType "tourn"]
[EventRounds "9"]
[EventCountry "DEN"]
[SourceTitle "Live"]

1. e4 e5 2. Nf3 Nc6 3. Bb5 a6 4. Ba4 Nf6 5. O-O Be7 6. d3 b5 7. Bb3 O-O 8. a4
b4 9. a5 d6 10. Nbd2 Be6 11. Nc4 Rb8 12. h3 h6 13. Re1 Qc8 14. Be3 Re8 15. d4
exd4 16. Nxd4 Nxd4 17. Bxd4 Nd7 18. f4 Bf6 19. Bxf6 Nxf6 20. Qd4 Qb7 21. Rad1
d5 22. exd5 Bxd5 23. Rxe8+ Rxe8 24. Ne5 Bxb3 25. cxb3 Ne4 26. Qd7 Rf8 27. Rd4
Nc5 28. Qe7 Ne6 29. Rxb4 Qd5 30. Kh2 Qxa5 31. Nc6 Qc5 32. Qxc5 Nxc5 33. Rc4
Nxb3 1/2-1/2

[Event "Kronborg Chess Open 2023"]
[Site "Helsingor"]
[Date "2023.05.18"]
[Round "3"]
[White "Rostgaard, Tobias Valentin"]
[Black "Hagen, Andreas Skytte"]
[Result "1-0"]
[WhiteElo "2322"]
[BlackElo "2363"]
[PlyCount "125"]
[EventDate "2023.05.17"]
[EventType "tourn"]
[EventRounds "9"]
[EventCountry "DEN"]
[SourceTitle "Live"]

1. d4 Nf6 2. Nf3 g6 3. c4 Bg7 4. Nc3 O-O 5. e4 d6 6. Be2 e5 7. O-O Nc6 8. d5
Ne7 9. Ne1 Nd7 10. Nd3 f5 11. exf5 Nxf5 12. Bg4 Nf6 13. Bh3 c6 14. dxc6 bxc6
15. c5 e4 16. Nb4 Qa5 17. Nxc6 Qxc5 18. Bxf5 gxf5 19. Ne7+ Kh8 20. Be3 Qe5 21.
Nc6 Qe6 22. Nb5 Ba6 23. a4 d5 24. Ncxa7 f4 25. Bxf4 Rxa7 26. Nxa7 Bxf1 27. Qxf1
Ng4 28. g3 Bd4 29. Nb5 Bxf2+ 30. Kh1 e3 31. Nc7 Qe4+ 32. Qg2 e2 33. Qxe4 dxe4
34. Bd2 Rd8 35. Bc3+ Kg8 36. Kg2 Rd1 37. Ra2 Rg1+ 38. Kh3 h5 39. b4 Rh1 40. Kh4
Rxh2+ 41. Kg5 Bd4 42. Be1 Ne5 43. Ne6 Be3+ 44. Kf6 Bf2 45. Rxe2 Ng4+ 46. Kg6 e3
47. Rc2 Ne5+ 48. Kf5 Ng4 49. Rc8+ Kf7 50. Ng5+ Ke7 51. Bc3 Kd7 52. Rh8 Bxg3 53.
Rh7+ Kc8 54. Rh8+ Kd7 55. Rh7+ Kc8 56. Ne4 Be5 57. Bxe5 Nxe5 58. Nd6+ Kb8 59.
Rh8+ Kc7 60. Nb5+ Kd7 61. Rh7+ Nf7 62. Rxf7+ Kd8 63. Ke6 1-0

[Event "Kronborg Chess Open 2023"]
[Site "Helsingor"]
[Date "2023.05.18"]
[Round "3"]
[White "Thorfinnsson, Bjorn"]
[Black "Blomqvist, Erik"]
[Result "1-0"]
[WhiteElo "2364"]
[BlackElo "2521"]
[PlyCount "121"]
[EventDate "2023.05.17"]
[EventType "tourn"]
[EventRounds "9"]
[EventCountry "DEN"]
[SourceTitle "Live"]

1. d4 d5 2. Nf3 Nf6 3. c4 c6 4. e3 Bf5 5. cxd5 cxd5 6. Qb3 Qc7 7. Nc3 e6 8. Nh4
Be4 9. f3 Bg6 10. Bd2 Nc6 11. Rc1 Be7 12. g3 Bh5 13. Be2 g5 14. Ng2 Bg6 15. Nd1
h5 16. Nf2 Rc8 17. Bd3 Bxd3 18. Qxd3 h4 19. gxh4 gxh4 20. Ke2 Nh5 21. b4 a6 22.
a4 Rg8 23. Ne1 Qb6 24. Qb1 f5 25. Ned3 Bd6 26. Rcg1 Kf7 27. Nh3 Rxg1 28. Qxg1
Rg8 29. Qf2 Qd8 30. f4 Nf6 31. Ng5+ Ke7 32. b5 axb5 33. axb5 Na7 34. Ne5 Qe8
35. Ra1 Qxb5+ 36. Ke1 Nc6 37. Qxh4 Nb4 38. Kf2 Nd3+ 39. Kf3 Qb2 40. Nh7 Bxe5
41. fxe5 Qxa1 42. Qxf6+ Kd7 43. Qf7+ Kc6 44. Qxe6+ Kb5 45. Qxd5+ Ka6 46. Ke2
Rc8 47. Qe6+ Rc6 48. Qxf5 Nb2 49. Qf1 Qa2 50. Nf6 Nc4 51. Ne4 Rh6 52. Qf4 Rh3
53. Kd3 Nb2+ 54. Kc3 Nd1+ 55. Kd3 Qb1+ 56. Ke2 Nb2 57. Nf2 Rh7 58. d5 Qa2 59.
d6 Qb3 60. Qb4 Qc2 61. Qa5# 1-0

[Event "Kronborg Chess Open 2023"]
[Site "Helsingor"]
[Date "2023.05.18"]
[Round "3"]
[White "Pajeken, Jakob Leon"]
[Black "Chen, Peng"]
[Result "0-1"]
[WhiteElo "2417"]
[BlackElo "2423"]
[PlyCount "82"]
[EventDate "2023.05.17"]
[EventType "tourn"]
[EventRounds "9"]
[EventCountry "DEN"]
[SourceTitle "Live"]

1. e4 Nf6 2. e5 Nd5 3. c4 Nb6 4. d4 d6 5. exd6 cxd6 6. Nc3 g6 7. h3 Bg7 8. Nf3
O-O 9. Be2 Nc6 10. O-O e5 11. Bg5 f6 12. Be3 Kh8 13. dxe5 dxe5 14. c5 Nd7 15.
Bc4 f5 16. Ng5 f4 17. Ne6 Qe7 18. Nxf8 Qxf8 19. Bd2 Nxc5 20. Nd5 Be6 21. b4 Ne4
22. Re1 Nxd2 23. Qxd2 Rd8 24. Rad1 Nd4 25. Qxd4 exd4 26. Rxe6 f3 27. g4 Re8 28.
Ree1 Re5 29. Bb3 h5 30. Rxe5 Bxe5 31. Re1 Qd6 32. g5 Kg7 33. Nf6 Bxf6 34. Re6
Qf4 35. gxf6+ Kh6 36. Kf1 d3 37. Re3 d2 38. f7 Qxf7 39. Bxf7 d1=Q+ 40. Re1 Qd3+
41. Kg1 Qf5 0-1

[Event "Kronborg Chess Open 2023"]
[Site "Helsingor"]
[Date "2023.05.18"]
[Round "3"]
[White "Jacobsen, Mikkel Manosri"]
[Black "Hacker, Jonas"]
[Result "1-0"]
[WhiteElo "2341"]
[BlackElo "2435"]
[PlyCount "70"]
[EventDate "2023.05.17"]
[EventType "tourn"]
[EventRounds "9"]
[EventCountry "DEN"]
[SourceTitle "Live"]

1. d4 Nf6 2. Nf3 d5 3. c3 e6 4. Bf4 Bd6 5. e3 O-O 6. Nbd2 c5 7. Bd3 Qc7 8. Bxd6
Qxd6 9. Ne5 b6 10. f4 Ba6 11. Bc2 Nfd7 12. Qh5 g6 13. Qh6 Qe7 14. h4 f5 15. h5
Nxe5 16. fxe5 Qg7 17. hxg6 Qxh6 18. Rxh6 hxg6 19. Kf2 Nc6 20. Rah1 cxd4 21.
Rh8+ Kf7 22. R1h7+ Ke8 23. Rxf8+ Kxf8 24. Rh8+ Kg7 25. Rxa8 dxe3+ 26. Kxe3 Bb7
27. Re8 Kf7 28. Rh8 Kg7 29. Rh1 Nxe5 30. Nf3 Nc4+ 31. Kf4 Kf6 32. Rh7 Bc6 33.
Rxa7 Nxb2 34. Ra6 g5+ 35. Nxg5 e5+ 1-0

[Event "Kronborg Chess Open 2023"]
[Site "Helsingor"]
[Date "2023.05.18"]
[Round "3"]
[White "Kazakouski, Valery"]
[Black "Suthandram R, Manu David"]
[Result "1-0"]
[WhiteElo "2524"]
[BlackElo "2332"]
[PlyCount "121"]
[EventDate "2023.05.17"]
[EventType "tourn"]
[EventRounds "9"]
[EventCountry "DEN"]
[SourceTitle "Live"]

1. e4 c5 2. Nf3 e6 3. d4 cxd4 4. Nxd4 Nc6 5. Nc3 d6 6. Be3 Nf6 7. Qe2 Be7 8.
O-O-O O-O 9. f4 Qc7 10. g4 Nxd4 11. Rxd4 d5 12. e5 Nd7 13. Rd1 f6 14. exf6 Bxf6
15. Nb5 Qa5 16. g5 Be7 17. Kb1 Nc5 18. Bg2 Bd7 19. Nd4 Na4 20. Nb3 Qc7 21. Rhf1
a6 22. Bd4 Rae8 23. Qe5 Qxe5 24. Bxe5 Nb6 25. Bd4 Nc4 26. Nc5 Bc8 27. Nd3 Nd6
28. Rde1 Nf5 29. Bb6 Bd6 30. Bh3 Bd7 31. Bc5 Bxc5 32. Nxc5 Bc8 33. Re5 b6 34.
Na4 Nh4 35. Re2 Ng6 36. Ref2 Bd7 37. Nxb6 Bb5 38. c4 dxc4 39. a4 Bc6 40. f5
exf5 41. Bxf5 Rxf5 42. Rxf5 Be4+ 43. Kc1 Bxf5 44. Rxf5 Ne5 45. Kc2 Re6 46. Nd5
Nc6 47. Kc3 Re2 48. h4 h6 49. gxh6 gxh6 50. Rf6 Ne5 51. Rxh6 Rh2 52. h5 Kg7 53.
Rxa6 Rxh5 54. a5 Rh1 55. Re6 Rc1+ 56. Kd2 Nd3 57. Nb4 Nc5 58. Kxc1 Nxe6 59. Kc2
Kf6 60. Kc3 Ke5 61. Kxc4 1-0

[Event "Kronborg Chess Open 2023"]
[Site "Helsingor"]
[Date "2023.05.18"]
[Round "4"]
[White "Hagen, Andreas Skytte"]
[Black "Pajeken, Jakob Leon"]
[Result "0-1"]
[WhiteElo "2363"]
[BlackElo "2417"]
[PlyCount "48"]
[EventDate "2023.05.17"]
[EventType "tourn"]
[EventRounds "9"]
[EventCountry "DEN"]
[SourceTitle "Live"]

1. e4 c5 2. Nf3 d6 3. d4 cxd4 4. Nxd4 Nf6 5. Nc3 a6 6. Be3 e5 7. Nb3 Be6 8. f3
h5 9. Qd2 Nbd7 10. Nd5 Bxd5 11. exd5 g6 12. Be2 Bg7 13. Na5 Qc7 14. c4 e4 15.
O-O exf3 16. gxf3 O-O 17. b4 Rae8 18. Rac1 Rxe3 19. Qxe3 Re8 20. Qd2 Bh6 21.
Qxh6 Rxe2 22. a3 Qb6+ 23. Kh1 Qd4 24. Qg5 Ng4 0-1

[Event "Kronborg Chess Open 2023"]
[Site "Helsingor"]
[Date "2023.05.18"]
[Round "4"]
[White "Thorfinnsson, Bjorn"]
[Black "Rostgaard, Tobias Valentin"]
[Result "0-1"]
[WhiteElo "2364"]
[BlackElo "2322"]
[PlyCount "134"]
[EventDate "2023.05.17"]
[EventType "tourn"]
[EventRounds "9"]
[EventCountry "DEN"]
[SourceTitle "Live"]

1. d4 Nf6 2. Nf3 g6 3. Bg5 Bg7 4. e3 O-O 5. Bd3 c5 6. c3 d5 7. Nbd2 Nc6 8. O-O
Qb6 9. Qb3 Qc7 10. Bxf6 c4 11. Bxc4 dxc4 12. Qxc4 Bxf6 13. d5 Qb6 14. dxc6 bxc6
15. Qb3 Qc7 16. Ne4 Bg7 17. Nc5 Bg4 18. Qc4 h5 19. h3 Bxf3 20. gxf3 Qc8 21. Kg2
Qf5 22. Ne4 Rab8 23. b3 Qd5 24. Qa6 g5 25. Rad1 Qe6 26. Nxg5 Qg6 27. h4 Rb5 28.
Rg1 f6 29. Qxc6 Rb6 30. Qd5+ Kh8 31. Kh2 Rd6 32. Nf7+ Qxf7 33. Qxf7 Rxf7 34.
Rxd6 exd6 35. Rd1 f5 36. c4 Bf8 37. Rd5 Kg7 38. Ra5 Kf6 39. Ra6 Rc7 40. Ra5 Ke6
41. Ra6 Bg7 42. Kg3 Bc3 43. c5 Rxc5 44. Rxa7 Be5+ 45. f4 Bf6 46. a4 Bc3 47. Kf3
Bf6 48. Kg3 Bd8 49. b4 Rc7 50. Ra8 Kd7 51. b5 Rb7 52. f3 Bb6 53. e4 Ra7 54. Rh8
Rxa4 55. Rh7+ Ke8 56. Rh6 Bc5 57. e5 d5 58. Rxh5 d4 59. Rh8+ Ke7 60. Rc8 Bb6
61. Rc6 Ba5 62. h5 d3 63. Rd6 d2 64. b6 Ra1 65. b7 Rb1 66. h6 Rxb7 67. h7 Rb8
0-1

[Event "Kronborg Chess Open 2023"]
[Site "Helsingor"]
[Date "2023.05.18"]
[Round "4"]
[White "Chen, Peng"]
[Black "Jacobsen, Mikkel Manosri"]
[Result "1/2-1/2"]
[WhiteElo "2423"]
[BlackElo "2341"]
[PlyCount "60"]
[EventDate "2023.05.17"]
[EventType "tourn"]
[EventRounds "9"]
[EventCountry "DEN"]
[SourceTitle "Live"]

1. e4 c5 2. Nf3 Nc6 3. c3 e6 4. d4 d5 5. e5 Bd7 6. Be2 Nge7 7. Na3 cxd4 8. cxd4
Rc8 9. O-O a6 10. Nc2 Nf5 11. Bd3 Be7 12. g4 Nh4 13. Nxh4 Bxh4 14. f4 Be7 15.
f5 Qb6 16. Be3 Na5 17. b3 Bb5 18. Qd2 Bxd3 19. Qxd3 Nc6 20. Rf3 Nb4 21. Nxb4
Qxb4 22. Raf1 Qc3 23. Qe2 Qc2 24. Qxc2 Rxc2 25. R1f2 Rxf2 26. Kxf2 Bb4 27. Ke2
Ba5 28. Bd2 Bxd2 29. Kxd2 Kd7 30. h4 h5 1/2-1/2

[Event "Kronborg Chess Open 2023"]
[Site "Helsingor"]
[Date "2023.05.18"]
[Round "4"]
[White "Hacker, Jonas"]
[Black "Kazakouski, Valery"]
[Result "0-1"]
[WhiteElo "2435"]
[BlackElo "2524"]
[PlyCount "142"]
[EventDate "2023.05.17"]
[EventType "tourn"]
[EventRounds "9"]
[EventCountry "DEN"]
[SourceTitle "Live"]

1. c4 e5 2. Nc3 Nf6 3. Nf3 Nc6 4. e3 Bb4 5. Qc2 Bxc3 6. Qxc3 Qe7 7. d4 e4 8.
Ng1 d5 9. b3 a5 10. Ne2 Nb4 11. Nf4 g5 12. Nxd5 Nfxd5 13. cxd5 Nxd5 14. Qd2 Be6
15. a4 Qb4 16. Bc4 Rg8 17. O-O Qxd2 18. Bxd2 f5 19. Rfb1 Kd7 20. Bxd5 Bxd5 21.
b4 axb4 22. Rxb4 Ra6 23. Rb5 Ke6 24. a5 Rc6 25. Rb2 Ra8 26. Rab1 Rc4 27. h3 h5
28. h4 gxh4 29. Kh2 Rg8 30. Rb4 Rc2 31. R4b2 Rxb2 32. Rxb2 Rg7 33. Bc3 Rg4 34.
Bb4 f4 35. exf4 Rxf4 36. Rc2 Kd7 37. Be1 Rf5 38. Rc5 b6 39. axb6 cxb6 40. Rc2
Rf4 41. Rb2 Kc6 42. Rc2+ Kb7 43. Bb4 Be6 44. Bd6 Rf7 45. Be5 b5 46. Bd6 h3 47.
gxh3 Rf3 48. Re2 Kc6 49. Be7 Rxh3+ 50. Kg2 Rd3 51. Bc5 h4 52. Kh2 Bf5 53. Rb2
Rh3+ 54. Kg2 Rf3 55. Ba7 Bh3+ 56. Kh2 Be6 57. Bc5 Bd5 58. Be7 h3 59. Bc5 Be6
60. Ba7 Rf7 61. Bb8 Rb7 62. Be5 b4 63. Rc2+ Kd7 64. d5 Bf5 65. Rd2 b3 66. Re2
Rb5 67. Rd2 Rc5 68. Kg3 Rc2 69. Rxc2 bxc2 70. Bf4 e3 71. Bxe3 Kd6 0-1

[Event "Kronborg Chess Open 2023"]
[Site "Helsingor"]
[Date "2023.05.18"]
[Round "4"]
[White "Blomqvist, Erik"]
[Black "Suthandram R, Manu David"]
[Result "1-0"]
[WhiteElo "2521"]
[BlackElo "2332"]
[PlyCount "45"]
[EventDate "2023.05.17"]
[EventType "tourn"]
[EventRounds "9"]
[EventCountry "DEN"]
[SourceTitle "Live"]

1. e4 c5 2. Nf3 Nc6 3. Bb5 e6 4. O-O d5 5. exd5 exd5 6. Re1+ Be7 7. Ne5 Bd7 8.
Bxc6 bxc6 9. d4 cxd4 10. Qh5 g6 11. Nxg6 fxg6 12. Qe5 Kf7 13. Qxh8 Bf6 14.
Qxh7+ Bg7 15. Nd2 Bg4 16. Nf3 Bxf3 17. gxf3 Qd7 18. Bg5 Nf6 19. Qh4 c5 20. Re5
Rf8 21. Bxf6 Bxf6 22. Qh7+ Bg7 23. Rae1 1-0

[Event "Kronborg Chess Open 2023"]
[Site "Helsingor"]
[Date "2023.05.19"]
[Round "5"]
[White "Jacobsen, Mikkel Manosri"]
[Black "Hagen, Andreas Skytte"]
[Result "1-0"]
[WhiteElo "2341"]
[BlackElo "2363"]
[PlyCount "141"]
[EventDate "2023.05.17"]
[EventType "tourn"]
[EventRounds "9"]
[EventCountry "DEN"]
[SourceTitle "Live"]

1. d4 Nf6 2. c4 g6 3. g3 Bg7 4. Bg2 O-O 5. Nc3 d6 6. h3 e5 7. Nf3 Nc6 8. Be3
Re8 9. dxe5 dxe5 10. Rc1 Be6 11. Qxd8 Raxd8 12. b3 h6 13. O-O a6 14. Rfd1 Rxd1+
15. Rxd1 Nd7 16. Ne1 f5 17. Bxc6 bxc6 18. Bc1 g5 19. Kg2 Kf7 20. Na4 Bf6 21.
Bb2 Be7 22. Bc3 e4 23. Ba5 Bd6 24. Nc2 c5 25. Ne3 Ne5 26. Nd5 Rc8 27. Bd2 Bxd5
28. cxd5 c6 29. Bc3 Nd7 30. dxc6 Rxc6 31. Nb2 Nb6 32. Ba5 Be5 33. Nc4 Nxc4 34.
bxc4 f4 35. Rd7+ Ke6 36. Rh7 Kf5 37. g4+ Kg6 38. Re7 Kf6 39. Bd8 Rc8 40. Re8+
Kf7 41. Rxe5 Rxd8 42. Rxe4 Rd2 43. Re5 Rxa2 44. Kf3 Rc2 45. Rf5+ Kg6 46. Rxc5
a5 47. e3 fxe3 48. fxe3 a4 49. Ke4 a3 50. Kd3 a2 51. Ra5 Rb2 52. Kc3 Re2 53.
Kd4 Kf6 54. Ra6+ Kf7 55. e4 Rd2+ 56. Ke5 Rc2 57. Ra7+ Kg6 58. Kd5 Rd2+ 59. Ke6
Rd4 60. Rxa2 Rxc4 61. e5 Rc3 62. Ra6 Kg7 63. Kd7 Rd3+ 64. Ke8 Rxh3 65. Ra7+ Kg6
66. e6 Rb3 67. Ra8 h5 68. gxh5+ Kxh5 69. e7 g4 70. Kf7 Rb7 71. Kf6 1-0

[Event "Kronborg Chess Open 2023"]
[Site "Helsingor"]
[Date "2023.05.19"]
[Round "5"]
[White "Pajeken, Jakob Leon"]
[Black "Thorfinnsson, Bjorn"]
[Result "1-0"]
[WhiteElo "2417"]
[BlackElo "2364"]
[PlyCount "41"]
[EventDate "2023.05.17"]
[EventType "tourn"]
[EventRounds "9"]
[EventCountry "DEN"]
[SourceTitle "Live"]

1. e4 e5 2. Nf3 Nc6 3. Bb5 a6 4. Ba4 Nf6 5. d3 b5 6. Bb3 Bc5 7. c3 d6 8. O-O h6
9. a4 Rb8 10. Re1 O-O 11. Nbd2 b4 12. Nc4 bxc3 13. bxc3 Be6 14. Ba2 Qc8 15. Be3
Bxe3 16. fxe3 Bxc4 17. Bxc4 Na5 18. Ba2 Rb2 19. Re2 Qb7 20. Nh4 Rb8 21. Rxb2
1-0